[Event "Principal 2021/2022"]
[Site "Vitrolles"]
[Date "2021.10.02"]
[Round "7.2"]
[White "Rasolo, Loick"]
[Black "Baroyan, Davit"]
[Result "0-1"]
[WhiteElo "1992"]
[BlackElo "2153"]
[PlyCount "84"]

1. e4 c5 2. Nf3 g6 3. d4 cxd4 4. Qxd4 Nf6 5. Bb5 Qa5+ 6. Nc3 Nc6 7. Bxc6 bxc6
8. e5 Nd5 9. Bd2 Bg7 10. Nxd5 Qxd5 11. Qxd5 cxd5 12. Bc3 d6 13. O-O-O e6 14.
Rhe1 dxe5 15. Nxe5 O-O 16. Bd4 f6 17. Nc6 Bd7 18. Na5 Rfc8 19. Nb3 e5 20. Bc3
d4 21. Nxd4 exd4 22. Rxd4 Bc6 23. g3 f5 24. Rc4 Be4 25. Rxc8+ Rxc8 26. Bxg7
Kxg7 27. c3 Kf6 28. Re3 Rd8 29. f3 Rd3 30. Rxd3 Bxd3 31. Kd2 Bf1 32. Ke3 Ke5
33. b3 g5 34. Kf2 Ba6 35. Ke3 f4+ 36. gxf4+ gxf4+ 37. Kd2 Bb7 38. Ke2 a5 39.
Kf2 Bc6 40. Kg2 a4 41. bxa4 Bxa4 42. Kh3 Bd1 0-1

[Event "Principal 2021/2022"]
[Site "Vitrolles"]
[Date "2021.10.02"]
[Round "7.3"]
[White "Urcun, Gael"]
[Black "Bouton, Come"]
[Result "0-1"]
[WhiteElo "1771"]
[BlackElo "1761"]
[PlyCount "72"]

1. e4 c5 2. Nc3 e6 3. g3 d5 4. exd5 exd5 5. Bg2 Nf6 6. d3 d4 7. Ne4 Nxe4 8.
Bxe4 Bd6 9. Qh5 Nd7 10. Qg5 O-O 11. Qxd8 Rxd8 12. Bg5 Re8 13. O-O-O h6 14. Bd2
Ne5 15. h3 Rb8 16. f4 Nd7 17. Ne2 b5 18. Rde1 Bf8 19. g4 Nb6 20. Ng3 Bd7 21. g5
c4 22. gxh6 Na4 23. hxg7 Be7 24. c3 b4 25. cxb4 c3 26. bxc3 dxc3 27. Be3 Bxb4
28. Kc2 Nb2 29. Bd5 Bb5 30. Bc4 Nxc4 31. dxc4 Ba4+ 32. Kd3 c2 33. Nh5 Rbd8+ 34.
Ke2 Rxe3+ 35. Kxe3 Re8+ 36. Kf2 Rxe1 0-1

[Event "Principal 2021/2022"]
[Site "Vitrolles"]
[Date "2021.10.02"]
[Round "7.4"]
[White "Grezes, Yves"]
[Black "Busson, Benoit"]
[Result "1-0"]
[WhiteElo "1849"]
[BlackElo "1845"]
[PlyCount "77"]

1. e4 e5 2. Nf3 Nc6 3. Bc4 Nf6 4. O-O Be7 5. c3 Nxe4 6. Qe2 d5 7. Bb5 Bg4 8. d4
exd4 9. Bxc6+ bxc6 10. Qa6 Bxf3 11. Qxc6+ Kf8 12. gxf3 Ng5 13. Bxg5 Bxg5 14.
cxd4 Rb8 15. Nc3 Rb6 16. Qxd5 Rd6 17. Qc5 Be7 18. Qxa7 Rg6+ 19. Kh1 Bd6 20. Ne4
Bxh2 21. Rfe1 f5 22. Qc5+ Bd6 23. Qxf5+ Kg8 24. Qd5+ Kf8 25. Qf5+ Kg8 26. Ng3
Rf6 27. Qd5+ Kf8 28. Re3 Qd7 29. Rae1 Qh3+ 30. Kg1 g6 31. Re6 Rf5 32. Re8+ Kg7
33. Nxf5+ gxf5 34. R1e7+ Bxe7 35. Rxe7+ Kh6 36. Qe6+ Kg5 37. Rg7+ Kh5 38. Qf7+
Kh4 39. Qf6+ 1-0

[Event "Principal 2021/2022"]
[Site "Vitrolles"]
[Date "2021.10.02"]
[Round "7.5"]
[White "Bohli, Adam"]
[Black "Emilbekov, Bektogul"]
[Result "1-0"]
[WhiteElo "1763"]
[BlackElo "1818"]
[PlyCount "79"]

1. e4 c6 2. d4 d5 3. Nc3 dxe4 4. Nxe4 Nd7 5. Nf3 Ngf6 6. Ng3 e6 7. Bd3 c5 8.
O-O Qc7 9. Re1 Be7 10. Bg5 h6 11. Bd2 O-O 12. c3 Rd8 13. Qc1 Bf8 14. Bf4 Qb6
15. a4 Nd5 16. a5 Qc6 17. Bd2 cxd4 18. Nxd4 Qc5 19. Ne4 Qc7 20. c4 Ne5 21. Bf1
Nb4 22. Nb5 Qe7 23. Qc3 f6 24. Bf4 a6 25. Bxe5 fxe5 26. Na3 Nc6 27. c5 Bd7 28.
Nc4 Be8 29. Nxe5 Nxe5 30. Qxe5 Rd5 31. Qc3 Bd7 32. Bc4 Rh5 33. Rad1 Re8 34. Qg3
Kh7 35. b4 Bc6 36. Bd3 g6 37. f4 Qg7 38. Bc4 Re7 39. Nd6 Bd5 40. Be2 1-0

[Event "Principal 2021/2022"]
[Site "Vitrolles"]
[Date "2021.10.02"]
[Round "8.1"]
[White "Emilbekov, Bektogul"]
[Black "Derige Kane, Yan"]
[Result "0-1"]
[WhiteElo "1818"]
[BlackElo "2157"]
[PlyCount "64"]

1. d4 Nf6 2. Nd2 c5 3. c3 cxd4 4. cxd4 Nc6 5. Ngf3 g6 6. e4 Bg7 7. d5 Nb8 8.
Bd3 d6 9. Rb1 Nbd7 10. b4 O-O 11. Bb2 a5 12. a3 axb4 13. axb4 Ng4 14. Bxg7 Kxg7
15. O-O Nde5 16. Nxe5 Nxe5 17. Nc4 Bg4 18. f3 Nxc4 19. Bxc4 Qb6+ 20. Kh1 Bd7
21. Qd3 Rfc8 22. Rfd1 Rc7 23. Qd4+ Qxd4 24. Rxd4 Rac8 25. Bf1 Kf6 26. Rdd1 Ba4
27. Re1 Ke5 28. Kg1 Rc2 29. Ra1 b5 30. Rab1 g5 31. g3 R8c3 32. Be2 Rd2 0-1

[Event "Principal 2021/2022"]
[Site "Vitrolles"]
[Date "2021.10.02"]
[Round "8.2"]
[White "Baroyan, Davit"]
[Black "Bohli, Adam"]
[Result "0-1"]
[WhiteElo "2153"]
[BlackElo "1763"]
[PlyCount "99"]

1. e4 Nf6 2. Nc3 d5 3. exd5 Nxd5 4. d4 g6 5. Qf3 Nxc3 6. Bc4 Qxd4 7. Bxf7+ Kd8
8. bxc3 Qf6 9. Qd5+ Bd7 10. Ne2 Kc8 11. Bf4 Nc6 12. Rd1 Qf5 13. Qd2 e5 14.
Qxd7+ Qxd7 15. Rxd7 Kxd7 16. Be3 Bd6 17. Ng3 Rhf8 18. Bc4 Ne7 19. Ne4 Nf5 20.
Bc1 Be7 21. Ke2 c6 22. g4 Nd6 23. Nc5+ Kc8 24. Be6+ Kc7 25. Bh6 Rfd8 26. Bg7 b6
27. Nd7 Nb5 28. Bxe5+ Bd6 29. c4 Re8 30. Bf7 Nd4+ 31. Ke3 Rxe5+ 32. Nxe5 Bxe5
33. c3 Nc2+ 34. Kd2 Rf8 35. Be6 Rxf2+ 36. Kd3 Na3 37. h4 Rc2 38. h5 Rxc3+ 39.
Ke4 Bg3 40. h6 Nc2 41. Re1 Bxe1 42. Ke5 Bd2 43. Bg8 Bxh6 44. Bxh7 Rxc4 45. Bxg6
Nb4 46. a3 Rxg4 47. Bf5 Rg5 48. axb4 Rxf5+ 49. Kxf5 Bd2 50. b5 0-1

[Event "Principal 2021/2022"]
[Site "Vitrolles"]
[Date "2021.10.02"]
[Round "8.3"]
[White "Bouton, Come"]
[Black "Anton, Jose"]
[Result "1-0"]
[WhiteElo "1761"]
[BlackElo "1823"]
[PlyCount "79"]

1. e4 c5 2. Nf3 Nc6 3. d4 cxd4 4. Nxd4 e5 5. Nb5 d6 6. N1c3 a6 7. Na3 Be7 8.
Nc4 Nf6 9. Bg5 Nd4 10. Bxf6 Bxf6 11. Nd5 b5 12. Nce3 O-O 13. c3 Nc6 14. a4 b4
15. cxb4 Nd4 16. Bc4 Bb7 17. O-O Bg5 18. b3 Bxe3 19. fxe3 Ne6 20. b5 a5 21. b4
axb4 22. Nxb4 Bxe4 23. Bd5 Qg5 24. Qd2 Bxd5 25. Nxd5 Nc5 26. Qb4 e4 27. Rf5 Qd8
28. a5 Re8 29. b6 Qd7 30. Raf1 Nd3 31. Qd4 Rf8 32. Rg5 f5 33. Nf6+ Rxf6 34.
Qd5+ Qe6 35. Qxa8+ Rf8 36. b7 Qe8 37. Qxe8 Rxe8 38. Rgxf5 Nc5 39. Rxc5 dxc5 40.
a6 1-0

[Event "Principal 2021/2022"]
[Site "Vitrolles"]
[Date "2021.10.02"]
[Round "8.4"]
[White "Busson, Benoit"]
[Black "Rasolo, Loick"]
[Result "1-0"]
[WhiteElo "1845"]
[BlackElo "1992"]
[PlyCount "65"]

1. e4 e6 2. Nf3 d5 3. e5 c5 4. d4 cxd4 5. Bd3 Nc6 6. O-O Nge7 7. Bf4 Qc7 8. Bg3
Bd7 9. a3 Ng6 10. Re1 Rc8 11. h4 a6 12. h5 Nge7 13. Nbd2 Nf5 14. Bxf5 exf5 15.
e6 Bd6 16. exd7+ Kxd7 17. Bxd6 Qxd6 18. Nb3 g6 19. Nbxd4 Rhg8 20. Nxc6 bxc6 21.
Qd4 Rc7 22. c4 gxh5 23. cxd5 Kc8 24. Qd3 Qf4 25. d6 Qg4 26. Nh4 Rd7 27. Qxa6+
Kb8 28. Qxc6 Qxh4 29. Re5 Rb7 30. Rae1 Qd4 31. Ra5 Rd8 32. Re8 Qf6 33. Qa6 1-0

[Event "Principal 2021/2022"]
[Site "Vitrolles"]
[Date "2021.10.02"]
[Round "8.5"]
[White "Urcun, Gael"]
[Black "Grezes, Yves"]
[Result "1-0"]
[WhiteElo "1771"]
[BlackElo "1849"]
[PlyCount "43"]

1. e4 Nc6 2. Nc3 e5 3. Bc4 Nf6 4. d3 Bb4 5. Nge2 O-O 6. O-O Na5 7. Bb3 Nxb3 8.
axb3 c6 9. Bg5 Be7 10. f4 d5 11. fxe5 Ng4 12. Bxe7 Qxe7 13. Qd2 dxe4 14. d4 e3
15. Qd3 Rd8 16. Qe4 Qg5 17. Rf3 Be6 18. Raf1 Rd7 19. Rg3 Qh5 20. h3 Nh6 21. Qf4
Qf5 22. Qxh6 1-0

[Event "Principal 2021/2022"]
[Site "Vitrolles"]
[Date "2021.02.10"]
[Round "9.1"]
[White "Derige Kane, Yan"]
[Black "Baroyan, Davit"]
[Result "0-1"]
[WhiteElo "2172"]
[BlackElo "2141"]
[PlyCount "170"]

1. e4 c5 2. Nf3 d6 3. d4 cxd4 4. Nxd4 Nf6 5. Nc3 g6 6. f3 Bg7 7. Be3 O-O 8. Qd2
Nc6 9. Bc4 Nxd4 10. Bxd4 Be6 11. Bxe6 fxe6 12. O-O-O Qa5 13. Rhe1 Nd7 14. Bxg7
Kxg7 15. e5 d5 16. a3 Rac8 17. Ne2 Qxd2+ 18. Rxd2 Kf7 19. Nd4 h6 20. g4 Nb8 21.
f4 Nc6 22. Nb3 b6 23. Kd1 Kg8 24. Rf2 Rf7 25. Nc1 Rcf8 26. Nd3 g5 27. Ref1 gxf4
28. Kd2 f3 29. Ke3 Rg7 30. h3 Rg5 31. Rxf3 Rxf3+ 32. Kxf3 Nxe5+ 33. Kg3 Nxd3
34. cxd3 Re5 35. Kf3 d4 36. Kf4 Re3 37. Rf3 Re2 38. b4 e5+ 39. Kf5 Re3 40. Rf2
Kf7 41. g5 hxg5 42. Kxg5+ Kg7 43. Kf5 Rxh3 44. Rd2 Re3 45. Ke6 e4 46. Ke5 Rxd3
47. Rg2+ Kf7 48. Kxe4 Rd1 49. a4 Rb1 50. b5 Rb4 51. Ra2 Kf6 52. a5 e5 53. Rf2+
Ke6 54. Rh2 Rxb5 55. a6 Ra5 56. Rh6+ Kd7 57. Rh7+ Kd6 58. Rxa7 Ra3 59. Ra8 Kc7
60. Ra7+ Kc6 61. Ra8 Kd7 62. a7 Kc7 63. Re8 Rxa7 64. Rxe5 Ra4 65. Re6 Kb7 66.
Rd6 Ka6 67. Rd5 Rc4 68. Kd3 b5 69. Rh5 Ka5 70. Rh1 Kb4 71. Rg1 Ka3 72. Rb1 Rb4
73. Rd1 Kb2 74. Rd2+ Kb3 75. Rd1 Ka2 76. Rh1 Ra4 77. Rh2+ Ka3 78. Rh3 b4 79.
Kc2+ Ka2 80. Rb3 d3+ 81. Rxd3 Ra8 82. Rd2 b3+ 83. Kc3+ Ka3 84. Rh2 b2 85. Kc2
Rc8+ 0-1

[Event "Principal 2021/2022"]
[Site "Vitrolles"]
[Date "2021.02.10"]
[Round "9.3"]
[White "Anton, Jose"]
[Black "Emilbekov, Bektogul"]
[Result "1-0"]
[WhiteElo "1847"]
[BlackElo "1769"]
[PlyCount "43"]

1. e4 c6 2. d4 d5 3. exd5 cxd5 4. c4 Nf6 5. Nc3 e6 6. c5 Bd7 7. Bf4 b6 8. b4 a5
9. Na4 bxc5 10. bxc5 Nc6 11. Nf3 Nh5 12. Be3 Qc7 13. Nb6 Rd8 14. Nxd7 Kxd7 15.
Bb5 f6 16. Qa4 g6 17. O-O Ra8 18. Rab1 Ra7 19. Rfe1 Be7 20. g4 Ng7 21. Bh6 Rg8
22. Re2 1-0

[Event "Principal 2021/2022"]
[Site "Vitrolles"]
[Date "2021.02.10"]
[Round "9.4"]
[White "Bohli, Adam"]
[Black "Busson, Benoit"]
[Result "1/2-1/2"]
[WhiteElo "1820"]
[BlackElo "1868"]
[PlyCount "63"]

1. d4 Nf6 2. Bf4 c5 3. e3 g6 4. c3 Bg7 5. Bxb8 Rxb8 6. dxc5 b6 7. cxb6 Qxb6 8.
b3 Ne4 9. Qc2 Qc6 10. Ne2 Ba6 11. Nd4 Bxd4 12. exd4 Bxf1 13. Kxf1 d5 14. f3 Nd6
15. Nd2 Rc8 16. Rc1 O-O 17. Kf2 Nb5 18. Qd3 Qb6 19. a4 Nd6 20. Rhe1 Rc7 21. c4
Nf5 22. cxd5 Rfc8 23. Rc4 Rxc4 24. bxc4 Nxd4 25. Rb1 Qc5 26. Ne4 Qxc4 27. Qxc4
Rxc4 28. Rb7 Rxa4 29. Rxe7 Ra2+ 30. Kf1 Ra1+ 31. Kf2 Ra2+ 32. Kf1 1/2-1/2